La aventura de la historia (Registro nro. 27118)
[ vista simple ]
| 000 -CABECERA | |
|---|---|
| Longitud fija campo de control | 00759nai a22001937a 4500 |
| 003 - IDENTIFICADOR DELl NÚMERO DE CONTROL | |
| Identificador del número de control | OSt |
| 005 - FECHA Y HORA DE LA ÚLTIMA TRANSACCIÓN | |
| Fecha y hora de la última transacción | 20170327091217.0 |
| 008 - CÓDIGOS DE INFORMACIÓN DE LONGITUD FIJA | |
| Códigos de información de longitud fija | 170209b xxu||||| |||| 00| 0 eng d |
| 040 ## - FUENTE DE LA CATALOGACIÓN | |
| Centro catalogador de origen | BMC |
| Centro transcriptor | BMC |
| 082 ## - NÚMERO DE LA CLASIFICACIÓN DECIMAL DEWEY | |
| Númeroo de clasificación | 946 |
| 245 03 - MENCIÓN DE TÍTULO | |
| Título | La aventura de la historia |
| Resto del título | : marzo |
| Mención de responsabilidad, etc. | Javier Villalba, editor |
| 260 ## - PUBLICACIÓN, DISTRIBUCIÓN, ETC. (PIE DE IMPRENTA) | |
| Lugar de publicación, distribución, etc. | Madrid |
| Nombre del editor, distribuidor, etc. | Grupo Unidad |
| Fecha de publicación, distribución, etc. | 1999 |
| 300 ## - DESCRIPCIÓN FÍSICA | |
| Extensión | 114 p. |
| Dimensiones | 28 cm |
| Material anejo | + 1 h. pleg. |
| 490 ## - MENCIÓN DE SERIE | |
| Mención de serie | La aventura de la historia |
| Designación de volumen o secuencia | 5, año 1 |
| 505 ## - NOTA DE CONTENIDO CON FORMATO | |
| Nota de contenido con formato | Contiene: España y los judíos en la II guerra mundial.- María Cristina de Borbón, la reina del 98.- Cannas, la gloria de aníbal.- El cid, el héroe y la leyenda.- Lecciones de ajedrez.- Las emperatrices sirias.- |
| 651 24 - PUNTO DE ACCESO ADICIONAL DE MATERIA - NOMBRE GEOGRÁFICO | |
| 9 (RLIN) | 506 |
| Nombre geográfico | España |
| Subdivisión de materia general | Historia |
| 700 1# - PUNTO DE ACCESO ADICIONAL - NOMBRE DE PERSONA | |
| 9 (RLIN) | 20715 |
| Nombre de persona | Villalba, Javier |
| 942 ## - ENTRADA DE ELEMENTOS AGREGADOS (KOHA) | |
| Fuente de clasificaión o esquema | Dewey Decimal Classification |
| Koha [por defecto] tipo de item | 2- Prensa y Revistas |
| Suprimido | Perdido | Fuente de clasificación o esquema | Estropeado | Restricciones de uso | No para préstamo | Código de colección | Localización permanente | Localización actual | Localización en estanter&íacute;as | Fecha adquisición | Fuente de adquisición | Número de inventario | Préstamos totales | Signatura completa | Código de barras | Fecha última consulta | Fecha del precio de reemplazo | Tipo de item de Koha |
|---|---|---|---|---|---|---|---|---|---|---|---|---|---|---|---|---|---|---|
| NULL | NULL | Dewey Decimal Classification | NULL | Prestable | NULL | NULL | Biblioteca Miguel de Cervantes - UNICAES | Biblioteca Miguel de Cervantes - UNICAES | Sala Principal | 06/04/2006 | Donación - ADESH | 000026 | AVE-000026 | 1040974 | 02/03/2017 | 02/03/2017 | 2- Prensa y Revistas |